[Event "Berlin Lieb Memorial 3rd"]
[Site "Berlin"]
[Date "2017.07.06"]
[Round "7"]
[White "Strick, Gregor"]
[Black "Achtnig, Christian"]
[Result "1/2-1/2"]
[WhiteElo "1848"]
[BlackElo "1709"]
[PlyCount "93"]
[EventDate "2017.05.11"]
[EventType "swiss"]
[EventRounds "7"]
[EventCountry "GER"]
[SourceTitle "CBM 189 Extra"]
[Source "ChessBase"]
[SourceDate "2019.06.03"]
[SourceVersion "1"]
[SourceVersionDate "2019.06.03"]
[SourceQuality "1"]

1. c4 e6 2. g3 f5 3. Bg2 Nf6 4. Nf3 Be7 5. 0-0 0-0 6. d3 d5 7. Qc2 c5 8. Nbd2 Nc6 9. a3 h6 10. e4 fxe4 11. dxe4 d4 12. Ne1 e5 13. Nd3 Bd6 14. b4 b6 15. b5 Nb8 16. f4 Nbd7 17. Nf3 Bc7 18. Nfxe5 Nxe5 19. fxe5 Nd7 20. Rxf8+ Nxf8 21. Bd2 a6 22. a4 axb5 23. cxb5 Be6 24. Nxc5 bxc5 25. Qxc5 Nd7 26. Qc6 Bb3 27. e6 Ne5 28. e7 Qb8 29. e8Q+ Qxe8 30. Qxc7 Rc8 31. Qa5 Nc4 32. Qb4 Nxd2 33. Qxd2 Qe5 34. Qb2 Bc2 35. Rc1 Qc5 36. Bf3 d3+ 37. Kg2 Qe3 38. e5 Rf8 39. Rf1 Re8 40. Qa2+ Kh8 41. Qf7 Rxe5 42. Bd5 Rxd5 43. Qxd5 d2 44. Rf8+ Kh7 45. Qg8+ Kg6 46. Qf7+ Kh7 47. Qg8+ 1/2-1/2

[Event "Berlin Kreuzberg op 3th"]
[Site "Berlin"]
[Date "2002.07.10"]
[Round "5"]
[White "Achtnig, Christian"]
[Black "Semme, Lothar"]
[Result "1/2-1/2"]
[WhiteElo "1799"]
[BlackElo "1560"]
[PlyCount "48"]
[EventDate "2002.07.06"]
[EventType "swiss"]
[EventRounds "9"]
[EventCountry "GER"]
[SourceTitle "EXT 2022"]
[Source "ChessBase"]
[SourceDate "2021.10.06"]
[SourceVersion "1"]
[SourceVersionDate "2021.10.06"]
[SourceQuality "1"]

1. e4 g6 2. d4 Bg7 3. f4 d6 4. Nf3 Bg4 5. c3 Nf6 6. Bd3 Nbd7 7. 0-0 0-0 8. h3 Bxf3 9. Qxf3 c6 10. b3 Qc7 11. e5 dxe5 12. fxe5 Ne8 13. Ba3 Nb6 14. Nd2 f6 15. Qe4 fxe5 16. Rxf8+ Bxf8 17. dxe5 Ng7 18. e6 Nd5 19. c4 Nf6 20. Qe3 Ngh5 21. Rf1 Bg7 22. g4 Nxg4 23. hxg4 Bd4 24. Qxd4 Qg3+ 1/2-1/2

[Event "Berlin Kreuzberg op 3th"]
[Site "Berlin"]
[Date "2002.07.08"]
[Round "3"]
[White "Achtnig, Christian"]
[Black "Francke, Joerg"]
[Result "0-1"]
[WhiteElo "1799"]
[BlackElo "2061"]
[PlyCount "70"]
[EventDate "2002.07.06"]
[EventType "swiss"]
[EventRounds "9"]
[EventCountry "GER"]
[SourceTitle "EXT 2022"]
[Source "ChessBase"]
[SourceDate "2021.10.06"]
[SourceVersion "1"]
[SourceVersionDate "2021.10.06"]
[SourceQuality "1"]

1. e4 e5 2. Nf3 Nf6 3. Nxe5 d6 4. Nf3 Nxe4 5. d4 d5 6. Bd3 Nc6 7. 0-0 Be7 8. Re1 Bf5 9. c4 Nb4 10. Bf1 0-0 11. cxd5 Nxd5 12. g4 Bg6 13. Ne5 Bh4 14. Nxg6 Nxf2 15. Qb3 fxg6 16. Re5 c6 17. Bc4 Qf6 18. g5 Qd8 19. Nc3 Qc8 20. Be2 Kh8 21. Nxd5 cxd5 22. Qxd5 Nh3+ 23. Kg2 Rf2+ 24. Kh1 Qf8 25. Bd2 Nf4 26. Qe4 Nxe2 27. Bb4 Rf1+ 28. Kg2 Qf2+ 29. Kh3 Nf4+ 30. Kg4 h5+ 31. gxh6 Qxh2 32. hxg7+ Kh7 33. Qe3 Rxa1 34. Qxf4 Rg1+ 35. Kf3 Rf1+ 0-1

[Event "Berlin Kreuzberg op 3th"]
[Site "Berlin"]
[Date "2002.07.07"]
[Round "2"]
[White "Kievelitz, Bernd"]
[Black "Achtnig, Christian"]
[Result "1/2-1/2"]
[WhiteElo "2131"]
[BlackElo "1799"]
[PlyCount "47"]
[EventDate "2002.07.06"]
[EventType "swiss"]
[EventRounds "9"]
[EventCountry "GER"]
[SourceTitle "EXT 2022"]
[Source "ChessBase"]
[SourceDate "2021.10.06"]
[SourceVersion "1"]
[SourceVersionDate "2021.10.06"]
[SourceQuality "1"]

1. Nf3 Nf6 2. c4 e6 3. Nc3 d5 4. d4 Nbd7 5. cxd5 exd5 6. Bf4 c6 7. e3 Be7 8. Bd3 0-0 9. 0-0 Nh5 10. Bg3 Nxg3 11. hxg3 Nf6 12. Qc2 Bd6 13. a3 Re8 14. e4 dxe4 15. Nxe4 Nxe4 16. Bxe4 g6 17. Rad1 f5 18. Bd3 Be6 19. Bc4 Kg7 20. d5 Bxd5 21. Bxd5 cxd5 22. Rxd5 Qf6 23. Rfd1 Rad8 24. b4 1/2-1/2

[Event "Kreuzberg 2000"]
[Site "Berlin"]
[Date "2000.07.25"]
[Round "4"]
[White "Achtnig, Christian"]
[Black "Zimnol, Guenter"]
[Result "1-0"]
[WhiteElo "1752"]
[BlackElo "1653"]
[PlyCount "49"]
[EventDate "2000.07.??"]
[EventType "swiss"]
[EventRounds "9"]
[EventCountry "GER"]
[SourceTitle "EXT 2001"]
[Source "ChessBase"]
[SourceDate "2000.11.22"]
[SourceVersion "1"]
[SourceVersionDate "2000.11.22"]
[SourceQuality "1"]

1. e4 c5 2. Nf3 Nc6 3. Bb5 a6 4. Bxc6 bxc6 5. 0-0 g6 6. e5 e6 7. Nc3 f6 8. d4 cxd4 9. Qxd4 c5 10. Qh4 Be7 11. Qg3 Bb7 12. exf6 Bxf6 13. Ng5 h6 14. Nge4 Bxe4 15. Nxe4 Kf7 16. Bf4 g5 17. Bc7 Qe7 18. Bd6 Qd8 19. f4 Bd4+ 20. Kh1 g4 21. f5 e5 22. Qxg4 Ne7 23. Qh5+ Kg8 24. f6 Qe8 25. f7+ 1-0

[Event "Kreuzberg 2000"]
[Site "Berlin"]
[Date "2000.07.24"]
[Round "3"]
[White "Brychcy, Felix"]
[Black "Achtnig, Christian"]
[Result "1-0"]
[WhiteElo "2060"]
[BlackElo "1752"]
[PlyCount "69"]
[EventDate "2000.07.??"]
[EventType "swiss"]
[EventRounds "9"]
[EventCountry "GER"]
[SourceTitle "EXT 2001"]
[Source "ChessBase"]
[SourceDate "2000.11.22"]
[SourceVersion "1"]
[SourceVersionDate "2000.11.22"]
[SourceQuality "1"]

1. e4 e5 2. Nf3 Nc6 3. Bc4 Bc5 4. b4 Bxb4 5. c3 Ba5 6. d4 exd4 7. 0-0 dxc3 8. Qb3 Qe7 9. Nxc3 d6 10. e5 Bxc3 11. exd6 cxd6 12. Qxc3 Qf6 13. Qb3 Kf8 14. Bg5 Qg6 15. Rfe1 f6 16. Bf4 Ne5 17. Nxe5 fxe5 18. Bxe5 dxe5 19. Qb4+ Ke8 20. Rxe5+ Kd8 21. Qf8+ Kc7 22. Rc5+ Kb6 23. Rb5+ Kc7 24. Bf7 Bd7 25. Rc1+ Bc6 26. Rxb7+ Kxb7 27. Qb4+ Kc7 28. Bxg6 Rb8 29. Rxc6+ Kxc6 30. Qxb8 hxg6 31. Qf8 Rh5 32. Qxg8 Rb5 33. g3 Rb1+ 34. Kg2 Kb5 35. Qb8+ 1-0